Maharaja Ranjit Singh: (Record no. 190060)

MARC details
000 -LEADER
fixed length control field 00592nam a22001817a 4500
005 - DATE AND TIME OF LATEST TRANSACTION
control field 20220718115025.0
010 ## - LCCN (DPL NO)
LC control number ENG-133622
020 ## - INTERNATIONAL STANDARD BOOK NUMBER
International Standard Book Number 9789390961696
Terms of availability 795.00
035 ## - SYSTEM CONTROL NUMBER
System control number EN-117154
037 ## - SOURCE OF ACQUISITION
Source of stock number/acquisition DBAD/PUB
082 ## - DEWEY DECIMAL CLASSIFICATION NUMBER
Classification number 964.12
100 ## - MAIN ENTRY--PERSONAL NAME
Personal name R.N.P Singh
245 ## - TITLE STATEMENT
Title Maharaja Ranjit Singh:
Remainder of title the rise of the sikh empire and the military history of the punjab/
Statement of responsibility, etc by R.N.P Singh
260 ## - PUBLICATION, DISTRIBUTION, ETC. (IMPRINT)
Place of publication, distribution, etc New Delhi
Name of publisher, distributor, etc Vitasta Publishing
Date of publication, distribution, etc 2022
270 ## - ADDRESS
Address 2/15,Ansari Road Daryaganj,
City New Delhi
Postal code 110002
300 ## - PHYSICAL DESCRIPTION
Extent xvi;372p.:
Dimensions 23cm(Hb)
Other physical details ill
942 ## - ADDED ENTRY ELEMENTS (KOHA)
Source of classification or shelving scheme Dewey Decimal Classification
Item type English Books
Classification part 954.12
Call number suffix RNP
Holdings
Withdrawn status Lost status Not for loan Collection code Home library Current library Date acquired Source of acquisition Cost, normal purchase price Full call number Barcode Copy number Cost, replacement price Koha item type
      Non-fiction Bawana Bawana 18/07/2022 DBAD/PUB 795.00 954.12 RNP EN-117154 1 795.00 English Books

© Delhi Public Library
Hit Counter
free hit counter